Лучевая диагностика аномальных скоплений жидкости в плевральной полости (Запись № 13257652)

Подробности
000 -МАРКЕР
контрольное поле 02314nam0a2200349 4500
001 - ИДЕНТИФИКАТОР ЗАПИСИ
контрольное поле RU\NLR\BIBL_A\022329475
005 - ИДЕНТИФИКАТОР ВЕРСИИ
контрольное поле 20241102120203.0
010 ## - МЕЖДУНАРОДНЫЙ СТАНДАРТНЫЙ НОМЕР КНИГИ (ISBN)
Номер (ISBN) 978-5-6050656-5-4
Тираж 300
021 ## - НОМЕР ГОСУДАРСТВЕННОЙ РЕГИСТРАЦИИ
Код страны Российская Федерация
Номер КН-П-24-046492
Номер Листа государственной регистраци КН-П-24-4624
035 ## - ДРУГИЕ СИСТЕМНЫЕ НОМЕРА
Идентификатор записи (NLR Aleph) 022329475
100 ## - ДАННЫЕ ОБЩЕЙ ОБРАБОТКИ
Данные общей обработки 20240923d2024 u y0rusy50 ca
101 0# - ЯЗЫК РЕСУРСА
Язык текста, звукозаписи и т.д. русский
102 ## - СТРАНА ПУБЛИКАЦИИ ИЛИ ПРОИЗВОДСТВА
Страна публикации Российская Федерация
105 ## - ПОЛЕ КОДИРОВАННЫХ ДАННЫХ: ТЕКСТОВЫЕ МАТЕРИАЛЫ, МОНОГРАФИЧЕСКИЕ
Кодированные данные о монографическом текстовом документе a j 000yy
181 #0 - ПОЛЕ КОДИРОВАННЫХ ДАННЫХ: ВИД СОДЕРЖАНИЯ
Код вида содержания (ISBD) i3
Код характеристики содержания (ISBD) axxe
182 #0 - ПОЛЕ КОДИРОВАННЫХ ДАННЫХ: ТИП СРЕДСТВА
Код типа средства (ISBD) n - непосредственное
200 1# - ЗАГЛАВИЕ И СВЕДЕНИЯ ОБ ОТВЕТСТВЕННОСТИ
Основное заглавие Лучевая диагностика аномальных скоплений жидкости в плевральной полости
Сведения, относящиеся к заглавию учебное пособие
-- для обучающихся по направлениям: врачи-рентгенологи, торакальные хирурги
Первые сведения об ответственности Есипов А. В., Ахиев М. И., Бадуров Б. Ш.
Последующие сведения об ответственности ФГБУ "НМИЦ ВМТ им. А. А. Вишневского" МО РФ, Филиал Военно-медицинской академии им. С. М. Кирова МО РФ
203 ## - ВИД СОДЕРЖАНИЯ И ТИП СРЕДСТВА
Вид содержания Текст
Дополнительные сведения об издании визуальный
Тип средства непосредственный
210 ## - ПУБЛИКАЦИЯ, РАСПРОСТРАНЕНИЕ И ДР.
Место издания, распространения и т.д. Москва
Имя издателя, распространителя и т. д. Изд-во ФГБУ "НМИЦ ВМТ им. А. А. Вишневского"
Дата издания, распространения и т.д. 2024
215 ## - ФИЗИЧЕСКАЯ ХАРАКТЕРИСТИКА
Специфическое обозначение материала и объем 40 с.
Другие сведения о физической характеристике ил., табл.
Размеры 21
300 ## - ОБЩИЕ ПРИМЕЧАНИЯ
Текст примечания На 2-й с. обл. авт.: Есипов А. В., врач высшей категории, д-р мед. наук, ген.-майор мед. службы, Ахиев М. И., врач высшей категории, канд. мед. наук, Бадуров Б. Ш., хирург, врач высшей категории, д-р мед. наук
320 ## - ПРИМЕЧАНИЯ О НАЛИЧИИ В ДОКУМЕНТЕ БИБЛИОГРАФИИ / УКАЗАТЕЛЯ
Текст примечания Библиогр.: с. 32-34 (31 назв.)
606 1# - НАИМЕНОВАНИЕ ТЕМЫ КАК ПРЕДМЕТ
Наименование темы Плевральные экссудаты
Формальный подзаголовок Учебные издания для повышения квалификации
Тематический подзаголовок Лучевая диагностика
Системный номер авторитетной/нормативной записи 2647375
Идентификатор авторитетной/нормативной записи RU\NLR\AUTH\6601746593
686 1# - ИНДЕКСЫ ДРУГИХ КЛАССИФИКАЦИЙ
Индекс Р412.401.11-43я77
700 #1 - ИМЯ ЛИЦА - ПЕРВИЧНАЯ ОТВЕТСТВЕННОСТЬ
Графика поля Кириллица
Материалы, к которым относится поле rus
Начальный элемент ввода Есипов
Часть имени, кроме начального элемента ввода А. В.
Даты 1967-
Расширение инициалов личного имени Александр Владимирович
Системный номер авторитетной/нормативной записи 189537
Идентификатор авторитетной/нормативной записи RU\NLR\AUTH\770189588
701 #1 - ИМЯ ЛИЦА - АЛЬТЕРНАТИВНАЯ ОТВЕТСТВЕННОСТЬ
Начальный элемент ввода Ахиев
Часть имени, кроме начального элемента ввода М. И.
Расширение инициалов личного имени Магомед Исамудинович
701 #1 - ИМЯ ЛИЦА - АЛЬТЕРНАТИВНАЯ ОТВЕТСТВЕННОСТЬ
Начальный элемент ввода Бадуров
Часть имени, кроме начального элемента ввода Б. Ш.
Расширение инициалов личного имени Бекир Шакирович
942 ## - ДОПОЛНИТЕЛЬНЫЕ ЭЛЕМЕНТЫ ЗАПИСИ (АБИС)
Тип экземпляра АБИС Книга
980 ## - КОЛЛЕКЦИЯ
Название коллекции Национальная библиография
Экземпляры
Тип экземпляра Дата поступления Источник поступления Библиотека постоянного хранения Библиотека текущего хранения Место хранения Шифр хранения Штрих-код Статус экземпляра
Книга 23.09.2024 Обязательный экземпляр РНБ (Московский) РНБ (Московский) Русский книжный фонд: издания с 1957 года 2024-4/5704 1-4692246  
Книга 23.09.2024 Обязательный экземпляр РНБ (Московский) РНБ (Московский) Русский книжный фонд: издания с 1957 года 2024-4/5704 1-4692245